00622nam a2200205 a 450000100060000000300080000600500170001400800410003102000320007203500190010404000230012304100080014608200250015410000230017924500690020226000510027130000340032250400390035665000210039562328BD-RjUL20211209081053.0170123s1987 caua b 001 0 eng d a0534076564 (pbk.) :c$16.00 a(BD-RjUL)62454 aDLCcDLCdDLCbeng aeng00a808.51223bKAP 19871 aKatula, Richard A.10aPrinciples and patterns of public speaking /cRichard A. Katula. aBelmont, Calif. :bWadsworth Pub. Co.,cc1987. axxi, 392 p. :bill. ;c24 cm. aIncludes bibliographies and index. 0aPublic speaking.